| 000 | 00736cam a22002415a 4500 | ||
|---|---|---|---|
| 001 | 17639283 | ||
| 005 | 20201128023708.0 | ||
| 008 | 130225t2013 nyua frb 000 0 eng d | ||
| 020 | _a9783642360763 | ||
| 040 |
_aDLC _cDLC _dDLC _dEG-ScBUE _beng |
||
| 082 | 0 | 4 |
_222 _a660.6 _bDND |
| 245 | 0 | 0 |
_aDNA nanotechnology : _bfrom structure to function / _ceditor Chunhai Fan. |
| 260 |
_aNew York : _bSpringer, _cc.2013. |
||
| 300 |
_aviii, 362 p. : _bill. ; _c24 cm. |
||
| 504 | _aIncludes bibliographical references. | ||
| 650 | 7 |
_2BUEsh _939645 _aBiotechnology. |
|
| 650 | 7 |
_aDNA _939537 _2BUEsh |
|
| 650 | 7 |
_9519 _aNanotechnology. _2BUEsh |
|
| 651 | _2BUEsh | ||
| 653 |
_bPPhrm _cMarch2016 |
||
| 700 | 1 |
_aFan, Chunhai, _eeditor. |
|
| 942 | _2ddc | ||
| 999 |
_c21514 _d21486 |
||